000 00257nam a22001217a 4500
008 170306b xxu||||| |||| 00| 0 eng d
041 _aeng
080 _a511
100 _a6
101 _aSHM
245 _aRESPIRATORY PHYSIOLOGY
_cWEST.J.B
942 _2udc
_cBK
999 _c6882
_d6882